Affrontez l'Alphabet #21 - Statistiques

Statistiques générales
  • Ce quiz a été pris 68 fois
  • Le résultat moyen est 4 sur 11
Statistiques - réponses
Hint Réponse % Correct
Donne les 2 lettres manquantes qui complètent les paroles de la chanson Le Petit Bonhomme En Mousse de Patrick Sébastien : Allez musique
Le petit bonhomme en mousse Qui s'élance et rate le plongeoir C'est comme la chanson _o_ce Que chantait ta maman le soir
DU
100%
Donne les 2 lettres manquantes dans le nom de la commune française en photo ci-dessous : _e_ton
MN
84%
Donne les 2 lettres manquantes dans le nom de l'université privée située à New Haven dans le Connecticut qui est le 3e établissement d'enseignement supérieur le plus ancien des États-Unis : Université _ _le
YA
69%
Donne les 2 lettres manquantes dans le nom du principal dirigeant de l'URSS de 1964 à 1982 : Léonid Bre_ne_
JV
36%
Donne les 2 lettres manquantes dans le nom donné au club français de hockey sur glace fondé en 2012 domicilié à Marseille : Les S_ar_iates de Marseille
PT
31%
Donne les 2 lettres manquantes dans le nom de ce personnage du film Le Seigneur des anneaux : La Communauté de l'anneau : _ _ romir
BO
24%
Donne les 2 lettres manquantes dans le nom de ce pousse-café (digestif) composé de crème fraiche, de crème de cacao blanc et de crème de menthe signifiant sauterelle en français : Le _rass_opper
GH
24%
Donne les 2 lettres manquantes dans le nom du candidat qui est arrivé dernier à l'élection présidentielle française de 2002 (au 1er tour bien sûr) : Daniel Gluc_ste_n
KI
20%
Donne les 2 lettres manquantes dans la traduction de la cire en anglais _a_ WX
16%
Donne les 2 lettres manquantes dans le nom de ce panneau de danger : _assi_ ou dos d’âne
CS
13%
Dernière Question : Donne la lettre manquante dans le nom du site de paris hippiques en ligne qui a vu le jour en 2004, devenant le premier concurrent du PMU à arriver sur le marché français : _eturf Z
11%
Aucun quiz correspondant
Distribution des résultats
% des personnes avec chaque résultat
Percentile par nombre de réponses
Votre historique - résultats
Vous n’avez pas pris ce quiz